00623nam a22001937a 450000500170000001000150001702000110003203500140004303700130005708200080007024500200007826000360009827000530013430000230018771000350021094200220024599900190026795201430028620240118120318.0 aENG-138932 c260.00 aEN-122464 bDBAD/PUB a000 aNTA CUET (UG) / aNew Delhi bUnicorn Booksc2022 aF-2/16, Ansari Road, Daryaganj, New Delhi-110002 a120 p.c25 cm(hbk) aRoma ChatterjeeeEditor959600 2ddccENh000mNTA c200206d200206 001040708REFaZLSbZLSd2024-01-18eDBAD/PUBg260.00l1o000 NTApEN-122464r2024-04-23 00:00:00s2024-04-18t1v260.00w2024-01-18yEN